Anglicanism : (Registro nro. 9708)

Detalles MARC
000 -LEADER
campo de control de longitud fija 02961cam a2200565Mi 4500
003 - IDENTIFICADOR DE NÚMERO DE CONTROL
campo de control PE-LiUPU
005 - FECHA Y HORA DE LA ÚLTIMA TRANSACCIÓN
campo de control 20250731172847.0
008 - DATOS DE LONGITUD FIJA--INFORMACIÓN GENERAL
campo de control de longitud fija 131113s2013 xxk b 001 0 eng
020 ## - NÚMERO INTERNACIONAL ESTÁNDAR DEL LIBRO
Número Internacional Estándar del Libro 1409470350
Información calificativa (hardcover, alk. paper)
020 ## - NÚMERO INTERNACIONAL ESTÁNDAR DEL LIBRO
Número Internacional Estándar del Libro 1409470369
Información calificativa (pbk., alk. paper)
ISBN cancelado o inválido 9781409470373
020 ## - NÚMERO INTERNACIONAL ESTÁNDAR DEL LIBRO
Número Internacional Estándar del Libro 1409470377
Información calificativa (PDF ebook)
020 ## - NÚMERO INTERNACIONAL ESTÁNDAR DEL LIBRO
Número Internacional Estándar del Libro 1409470385
Información calificativa (ePub ebook)
020 ## - NÚMERO INTERNACIONAL ESTÁNDAR DEL LIBRO
Número Internacional Estándar del Libro 9781409470359
Información calificativa (hardcover, alk. paper)
020 ## - NÚMERO INTERNACIONAL ESTÁNDAR DEL LIBRO
Número Internacional Estándar del Libro 9781409470366
Información calificativa (pbk., alk. paper)
020 ## - NÚMERO INTERNACIONAL ESTÁNDAR DEL LIBRO
Número Internacional Estándar del Libro 9781409470373
Información calificativa (PDF ebook)
020 ## - NÚMERO INTERNACIONAL ESTÁNDAR DEL LIBRO
Número Internacional Estándar del Libro 9781409470380
Información calificativa (ePub ebook)
035 ## - NÚMERO DE CONTROL DEL SISTEMA
Número de control de sistema (Sirsi) i9781409470359
040 ## - FUENTE DE CATALOGACIÓN
Centro catalogador/agencia de origen BDF
Lengua de catalogación spa
Normas de descripción ncafnor
Centro/agencia transcriptor BDF
Centro/agencia modificador OCLCQ
-- PE-LiUPU
049 ## - FONDOS LOCALES (OCLC)
Biblioteca depositaria PRUA
082 04 - NÚMERO DE LA CLASIFICACIÓN DECIMAL DEWEY
Número de clasificación 283
Cutter P43
Número de edición 23
100 1# - ENTRADA PRINCIPAL--NOMBRE DE PERSONA
Nombre de persona Percy, Martyn,
Término indicativo de función/relación autor.
245 10 - MENCIÓN DEL TÍTULO
Título Anglicanism :
Resto del título Confidence, committment and communion /
Mención de responsabilidad, etc. Martyn Percy, Ripon College Cuddesdon, UK.
264 ## - PRODUCCIÓN, PUBLICACIÓN, DISTRIBUCIÓN, FABRICACIÓN Y COPYRIGHT
Producción, publicación, distribución, fabricación y copyright Farnham ;
Nombre del de productor, editor, distribuidor, fabricante Ashgate,
Fecha de producción, publicación, distribución, fabricación o copyright 2013.
264 ## - PRODUCCIÓN, PUBLICACIÓN, DISTRIBUCIÓN, FABRICACIÓN Y COPYRIGHT
Producción, publicación, distribución, fabricación y copyright Burlington :
Nombre del de productor, editor, distribuidor, fabricante Ashgate,
Fecha de producción, publicación, distribución, fabricación o copyright 2013.
300 ## - DESCRIPCIÓN FÍSICA
Extensión xiii, 225 páginas ;
Dimensiones 24 centímetros.
504 ## - NOTA DE BIBLIOGRAFÍA, ETC.
Nota de bibliografía, etc. Bibliografía : páginas 209-217.
504 ## - NOTA DE BIBLIOGRAFÍA, ETC.
Nota de bibliografía, etc. Índices : páginas 219-225.
505 1# - NOTA DE CONTENIDO CON FORMATO
Nota de contenido con formato Contexts, challenges and the church -- Confidence in formation -- A flight of starlings: Cuddesdon and the forming of Anglicanism -- Sacred sagacity: formation and training for ministry -- Yeast and salt: ministerial formation for rural contexts -- Pitching tents: formational sketches on sacred space -- Commitment and mission. Many rooms in my Father's house: the parish church -- Mind the gap: mission, youth and generational change -- Opportunity knocks: church, nationhood and establishment -- Old tricks for new dogs: a critique of fresh expressions -- Communion and polity -- Herding cats: leadership in the Church of England -- Context and Catholicity: an Anglican-American dilemma? -- Know surrender: from Ulster to Windsor -- After Lambeth: plotting the future -- The nature of the body and the blessing of leadership.
526 ## - NOTA DE INFORMACIÓN SOBRE EL PROGRAMA DE ESTUDIO
Nombre del programa Segunda Especialidad En Profecías Bíblicas
526 ## - NOTA DE INFORMACIÓN SOBRE EL PROGRAMA DE ESTUDIO
Nombre del programa Segunda Especialidad En Nuevo Testamento
526 ## - NOTA DE INFORMACIÓN SOBRE EL PROGRAMA DE ESTUDIO
Nombre del programa Segunda Especialidad En Antiguo Testamento
526 ## - NOTA DE INFORMACIÓN SOBRE EL PROGRAMA DE ESTUDIO
Nombre del programa Segunda Especialidad En Estudios Adventistas
526 ## - NOTA DE INFORMACIÓN SOBRE EL PROGRAMA DE ESTUDIO
Nombre del programa Doctorado en teología
526 ## - NOTA DE INFORMACIÓN SOBRE EL PROGRAMA DE ESTUDIO
Nombre del programa Maestría en teología histórica
526 ## - NOTA DE INFORMACIÓN SOBRE EL PROGRAMA DE ESTUDIO
Nombre del programa Maestría en teología bíblica
526 ## - NOTA DE INFORMACIÓN SOBRE EL PROGRAMA DE ESTUDIO
Nombre del programa Maestría en teología
526 ## - NOTA DE INFORMACIÓN SOBRE EL PROGRAMA DE ESTUDIO
Nombre del programa Maestría en misionología
526 ## - NOTA DE INFORMACIÓN SOBRE EL PROGRAMA DE ESTUDIO
Nombre del programa Maestría en liderazgo eclesiástico
526 ## - NOTA DE INFORMACIÓN SOBRE EL PROGRAMA DE ESTUDIO
Nombre del programa Teología
596 ## -
-- 1
650 14 - PUNTO DE ACCESO ADICIONAL DE MATERIA--TÉRMINO DE MATERIA
Término de materia o nombre geográfico como elemento de entrada Comunión anglicana.
856 42 - LOCALIZACIÓN Y ACCESO ELECTRÓNICOS
Materiales especificados Notice et cote du catalogue de la Bibliothèque nationale de France
Identificador Uniforme de Recursos <a href="http://catalogue.bnf.fr/ark:/12148/cb436357658">http://catalogue.bnf.fr/ark:/12148/cb436357658</a>
856 42 - LOCALIZACIÓN Y ACCESO ELECTRÓNICOS
Materiales especificados Notice et cote du catalogue de la Bibliothèque nationale de France
Identificador Uniforme de Recursos <a href="http://catalogue.bnf.fr/ark:/12148/cb436357658">http://catalogue.bnf.fr/ark:/12148/cb436357658</a>
910 ## - DATOS DE OPCIÓN DEL USUARIO (OCLC)
-- ck
-- hop
-- hop
-- 20160602
942 ## - ELEMENTOS DE ENTRADA SECUNDARIOS (KOHA)
Fuente del sistema de clasificación o colocación Clasificación Decimal Dewey
Tipo de ítem Koha
949 ## - PROCESAMIENTO DE INFORMACIÓN LOCAL (OCLC)
a 283 P43
w DEWEY
c 1
i 73242
l CCODEBUL1
m BUL
p 24.98
r 0
s Y
t BOOK
u 2016-5-30
x TEOLOGIA
-- P85
0 COMPRA
o .STAFF. Posgrado
994 ## -
-- C0
-- PEPRU
999 ## - NÚMEROS DE CONTROL DE SISTEMA (KOHA)
-- DEWEY
-- 73242
-- 2021-11-11
-- 5
-- CCODEBUL1
-- BUL
-- 24.98
-- 0
-- Y
-- BOOK
-- 2016-5-30
-- TEOLOGIA
-- P85
-- COMPRA
-- .STAFF. Posgrado Teología
980 ## - EQUIVALENCIA O REFERENCIA-CRUZADA-MENCIÓN DE SERIE--NOMBRE DE PERSONA/TÍTULO [LOCAL, CANADÁ]
ID del último usuario que modificó el registro 1
Nombre del último usuario que modificó el registro ALBERTO SANCHEZ Responsable de Automatización
Existencias
Visto por última vez Número de inventario Total de préstamos Signatura topográfica completa Código de barras Copia número Coste, precio de reemplazo Fecha de reemplazo Facultad Tipo de ítem Koha Nota pública Estado de pérdida Fuente del sistema de clasificación o colocación Restricciones de uso No para préstamo Colección Programa académico Biblioteca de origen Biblioteca actual Ubicación en estantería Fecha de adquisición Fuente de adquisición Coste, precio normal de compra
2025-12-02 6   283 P43 73242 e1 29.98 2016-05-30   Libros físicos inventario-2023-12-13 No Perdido Clasificación Decimal Dewey No restringido Disponible para préstamos Colección General Maestría en teología Biblioteca CRAI UPeU Lima Biblioteca CRAI UPeU Lima Sala principal 2016-05-30 COMPRA 24.98